Teen's guide to college & career planning : (Record no. 354922)
[ view plain ]
| 000 -LEADER | |
|---|---|
| fixed length control field | 00388nam a2200121Ia 4500 |
| 008 - FIXED-LENGTH DATA ELEMENTS--GENERAL INFORMATION | |
| fixed length control field | 180205s9999 xx 000 0 und d |
| 020 ## - INTERNATIONAL STANDARD BOOK NUMBER | |
| International Standard Book Number | 9780768939903 |
| 100 ## - MAIN ENTRY--PERSONAL NAME | |
| Personal name | Muchnick, Justin Ross |
| 245 ## - TITLE STATEMENT | |
| Title | Teen's guide to college & career planning : |
| Remainder of title | your highschool roadmap to college and career success |
| 250 ## - EDITION STATEMENT | |
| Edition statement | 12th ed |
| 260 ## - PUBLICATION, DISTRIBUTION, ETC. (IMPRINT) | |
| Place of publication, distribution, etc | USA : |
| Name of publisher, distributor, etc | Peterson's |
| Date of publication, distribution, etc | 2015 |
| 300 ## - PHYSICAL DESCRIPTION | |
| Extent | vii, 242 pages |
| Withdrawn status | Lost status | Damaged status | Home library | Current library | Shelving location | Date acquired | Source of acquisition | Total Checkouts | Full call number | Barcode | Date last seen | Price effective from | Koha item type |
|---|---|---|---|---|---|---|---|---|---|---|---|---|---|
| College Library | College Library | Reserve Section | 02/05/2018 | Library Fund | LB 2350.5 .M943 2015 | c21149 | 05/15/2018 | 02/05/2018 | Books |